000 006130000a22001810004500
003 MACL
005 20160401163739.0
008 160401b xxu||||| |||| 00| 0 eng d
040 _aMACL
_cMACL
041 _aHindi
082 _a333
100 _aव्‍यास किशोरी लाल
_949804
245 _aभारतीय संस्‍कृति और पर्यावरण सरंक्षण
260 _bक्‍लासिकल पब्लिशिंग
_c2007
_aनई दिल्‍ली
350 _a400
650 _aEnvironment
_949805
942 _cHIN
_k333/VYA
_2ddc
999 _c41468
_d41468